Organs of the Digestive System - Statistics

General Stats
  • This quiz has been taken 758 times
  • The average score is 10 of 14
Answer Stats
Answer % Correct
Stomach
94%
Small Intestine
93%
Large Intestine
92%
Liver
90%
Mouth
84%
Oesophagus
81%
Pancreas
80%
Anus
76%
Gallbladder
74%
Rectum
72%
Tongue
50%
Appendix
38%
Salivary Glands
34%
Pharynx
28%
No matching quizzes found
Score Distribution
Percent of People with Each Score
Percentile by Number Answered
Your Score History
You have not taken this quiz